Demonstrációs szoftver az oktatásban

Elmentve itt :
Bibliográfiai részletek
Szerző: Berke Viktor Imre
További közreműködők: Bohus Mihály (Témavezető)
Dokumentumtípus: Szakdolgozat
Megjelent: 2011
Tárgyszavak:
Online Access:http://diploma.bibl.u-szeged.hu/32115
LEADER 00783nta a2200181 i 4500
001 dipl32115
005 20130314092342.0
008 110830s2011 hu om 0|| zxx d
040 |a SZTE Diploma Repozitórium  |b hun 
041 |a zxx 
100 1 |a Berke Viktor Imre 
245 1 0 |a Demonstrációs szoftver az oktatásban  |h [elektronikus dokumentum] /  |c Viktor Imre Berke 
260 |c 2011 
650 4 |a Informatika 
700 1 |a Bohus Mihály  |e ths 
856 4 0 |u http://diploma.bibl.u-szeged.hu/id/eprint/32115/1/2011_berke_viktor_imre.pdf  |z Dokumentum-elérés  
856 4 0 |u http://diploma.bibl.u-szeged.hu/id/eprint/32115/2/2011_berke_viktor_imre_biralat.pdf  |z Dokumentum-elérés  
856 4 0 |u http://diploma.bibl.u-szeged.hu/id/eprint/32115/3/2011_berke_viktor_imre_melleklet.tgz  |z Dokumentum-elérés